| 000 | 00775nam a2200265 a 4500 | ||
|---|---|---|---|
| 003 | AR-BaBNM | ||
| 005 | 20251128205320.0 | ||
| 008 | 082120s2002 ||||||||||||||000 | spa|| | ||
| 020 | _a987-9018-33-8 | ||
| 040 | _cAR-BaBNM | ||
| 100 | 1 | _aBellante, Mabel | |
| 245 | 0 | 0 |
_aSu alteza el juego _bpara jugar en la EGB : aula, patio y campamento |
| 260 |
_aBuenos Aires _bEdiciones Independencia _c[1996] |
||
| 300 |
_a188 p. _bil. |
||
| 504 | _aBibliografía p. 187 | ||
| 650 | 4 | _aJUEGOS EDUCATIVOS | |
| 650 | 4 | _aACTIVIDADES FUERA DE PROGRAMA | |
| 650 | 4 | _aACTIVIDADES EN GRUPO | |
| 650 | 4 | _aACTIVIDADES AL AIRE LIBRE | |
| 650 | 4 | _aMETODOS DE ENSEÑANZA | |
| 653 | _aEDUCACION GENERAL BASICA | ||
| 653 | _aCAMPAMENTOS EDUCATIVOS | ||
| 942 | _cBK | ||
| 998 | _cCARMEN | ||
| 999 |
_c10885 _d10885 |
||